[Event "Championnat de Belgique \"Experts\" 2018"]
[Site "Roux, Belgium"]
[Date "2018.08.04"]
[Round "9.2"]
[White "Dardha, Daniel"]
[Black "Bomans, Arno"]
[Result "1-0"]
[WhiteTitle "FM"]
[BlackTitle "FM"]
[WhiteElo "2330"]
[BlackElo "2248"]

1. e4 {[%clk 01:30:57]} {[%emt 00:00:02]} c5 {[%clk 01:30:39]} {[%emt
00:00:21]} 2. Nf3 {[%clk 01:31:21]} {[%emt 00:00:06]} Nc6 {[%clk 01:31:02]}
{[%emt 00:00:08]} 3. Bb5 {[%clk 01:31:46]} {[%emt 00:00:06]} Nf6 {[%clk
01:31:14]} {[%emt 00:00:17]} 4. Nc3 {[%clk 01:32:10]} {[%emt 00:00:06]} g6
{[%clk 01:31:22]} {[%emt 00:00:22]} 5. Bxc6 {[%clk 01:32:34]} {[%emt 00:00:06]}
dxc6 {[%clk 01:31:45]} {[%emt 00:00:07]} 6. h3 {[%clk 01:33:00]} {[%emt
00:00:03]} Bg7 {[%clk 01:31:02]} {[%emt 00:01:14]} 7. d3 {[%clk 01:33:27]}
{[%emt 00:00:04]} O-O {[%clk 01:30:32]} {[%emt 00:00:59]} 8. Be3 {[%clk
01:33:53]} {[%emt 00:00:04]} b6 {[%clk 01:30:12]} {[%emt 00:00:51]} 9. Qd2
{[%clk 01:34:17]} {[%emt 00:00:06]} a5 {[%clk 01:25:57]} {[%emt 00:04:45]} 10.
Bh6 {[%clk 01:33:30]} {[%emt 00:01:16]} Qc7 {[%clk 01:25:11]} {[%emt 00:01:17]}
11. O-O {[%clk 01:27:56]} {[%emt 00:06:04]} e5 {[%clk 01:10:38]} {[%emt
00:15:02]} 12. a4 {[%clk 01:27:46]} {[%emt 00:00:40]} Nh5 {[%clk 01:05:36]}
{[%emt 00:05:32]} 13. Bxg7 {[%clk 01:27:05]} {[%emt 00:01:12]} Kxg7 {[%clk
01:05:34]} {[%emt 00:00:31]} 14. Ne2 {[%clk 01:27:26]} {[%emt 00:00:09]} Kg8
{[%clk 00:59:43]} {[%emt 00:06:20]} 15. b3 {[%clk 01:22:52]} {[%emt 00:05:05]}
f6 {[%clk 00:59:02]} {[%emt 00:01:11]} 16. Nh2 {[%clk 01:06:08]} {[%emt
00:17:14]} g5 {[%clk 00:51:20]} {[%emt 00:08:13]} 17. Ng3 {[%clk 00:57:36]}
{[%emt 00:09:02]} Nf4 {[%clk 00:44:21]} {[%emt 00:07:28]} 18. Ng4 {[%clk
00:55:19]} {[%emt 00:02:46]} Bxg4 {[%clk 00:41:28]} {[%emt 00:03:24]} 19. hxg4
{[%clk 00:55:02]} {[%emt 00:00:48]} Qd7 {[%clk 00:40:45]} {[%emt 00:01:12]} 20.
Nf5 {[%clk 00:50:19]} {[%emt 00:05:13]} Ne6 {[%clk 00:38:48]} {[%emt 00:02:27]}
21. g3 {[%clk 00:47:41]} {[%emt 00:03:09]} Nd4 {[%clk 00:38:48]} {[%emt
00:00:29]} 22. Kg2 {[%clk 00:45:48]} {[%emt 00:02:23]} Nxf5 {[%clk 00:38:51]}
{[%emt 00:00:27]} 23. gxf5 {[%clk 00:46:14]} {[%emt 00:00:04]} Rae8 {[%clk
00:35:41]} {[%emt 00:03:40]} 24. Rh1 {[%clk 00:42:55]} {[%emt 00:03:50]} Re7
{[%clk 00:35:57]} {[%emt 00:00:13]} 25. Kf3 {[%clk 00:34:04]} {[%emt 00:09:20]}
Rg7 {[%clk 00:34:31]} {[%emt 00:01:57]} 26. Ke2 {[%clk 00:34:15]} {[%emt
00:00:19]} Rff7 {[%clk 00:32:47]} {[%emt 00:02:14]} 27. Rag1 {[%clk 00:32:43]}
{[%emt 00:02:01]} Qd6 {[%clk 00:32:58]} {[%emt 00:00:20]} 28. Rh6 {[%clk
00:29:24]} {[%emt 00:03:48]} Rd7 {[%clk 00:33:06]} {[%emt 00:00:22]} 29. Qc3
{[%clk 00:29:35]} {[%emt 00:00:19]} Rgf7 {[%clk 00:21:46]} {[%emt 00:11:51]} 30.
Qc4 {[%clk 00:23:57]} {[%emt 00:06:08]} Rde7 {[%clk 00:22:01]} {[%emt
00:00:15]} 31. Rgh1 {[%clk 00:20:47]} {[%emt 00:03:41]} Kf8 {[%clk 00:21:47]}
{[%emt 00:00:44]} 32. Rg6 {[%clk 00:14:24]} {[%emt 00:06:54]} hxg6 {[%clk
00:17:56]} {[%emt 00:04:20]} 33. fxg6 {[%clk 00:14:27]} {[%emt 00:00:26]} Qd7
{[%clk 00:09:53]} {[%emt 00:08:34]} 34. gxf7 {[%clk 00:10:50]} {[%emt
00:04:07]} Rxf7 {[%clk 00:10:14]} {[%emt 00:00:09]} 35. Qa6 {[%clk 00:08:42]}
{[%emt 00:02:39]} Qb7 {[%clk 00:01:50]} {[%emt 00:08:53]} 36. Qxb7 {[%clk
00:08:05]} {[%emt 00:01:07]} Rxb7 {[%clk 00:02:18]} {[%emt 00:00:02]} 37. Rh8+
{[%clk 00:08:28]} {[%emt 00:00:07]} Kg7 {[%clk 00:02:45]} {[%emt 00:00:03]} 38.
Rc8 {[%clk 00:08:49]} {[%emt 00:00:09]} b5 {[%clk 00:03:00]} {[%emt 00:00:15]}
39. Rxc6 {[%clk 00:05:50]} {[%emt 00:03:28]} bxa4 {[%clk 00:03:12]} {[%emt
00:00:19]} 40. bxa4 {[%clk 00:06:06]} {[%emt 00:00:14]} Rb4 {[%clk 00:03:36]}
{[%emt 00:00:06]} 41. Rxc5 {[%clk 00:06:29]} {[%emt 00:00:07]} Rxa4 {[%clk
00:04:03]} {[%emt 00:00:03]} 42. f4 {[%clk 00:04:32]} {[%emt 00:02:27]} gxf4
{[%clk 00:01:54]} {[%emt 00:02:39]} 43. gxf4 {[%clk 00:04:58]} {[%emt
00:00:04]} exf4 {[%clk 00:01:36]} {[%emt 00:00:48]} 44. Kf3 {[%clk 00:05:21]}
{[%emt 00:00:07]} Ra1 {[%clk 00:02:02]} {[%emt 00:00:03]} 45. Kxf4 {[%clk
00:05:21]} {[%emt 00:00:30]} a4 {[%clk 00:28:44]} {[%emt 00:03:49]} 46. Ke3
{[%clk 00:34:46]} {[%emt 00:01:04]} a3 {[%clk 00:25:44]} {[%emt 00:03:31]} 47.
Kd4 {[%clk 00:34:31]} {[%emt 00:00:45]} Rc1 {[%clk 00:24:59]} {[%emt 00:01:15]}
48. Ra5 {[%clk 00:34:16]} {[%emt 00:00:44]} Rxc2 {[%clk 00:25:24]} {[%emt
00:00:06]} 49. Rxa3 {[%clk 00:34:42]} {[%emt 00:00:05]} Rc8 {[%clk 00:23:03]}
{[%emt 00:02:50]} 50. Ra7+ {[%clk 00:24:16]} {[%emt 00:10:55]} Kg6 {[%clk
00:23:02]} {[%emt 00:00:31]} 51. Rd7 {[%clk 00:24:39]} {[%emt 00:00:08]} Re8
{[%clk 00:22:10]} {[%emt 00:01:21]} 52. Kd5 {[%clk 00:21:27]} {[%emt 00:03:43]}
Re5+ {[%clk 00:22:36]} {[%emt 00:00:04]} 53. Kd6 {[%clk 00:21:52]} {[%emt
00:00:05]} Re8 {[%clk 00:22:59]} {[%emt 00:00:08]} 54. Kc5 {[%clk 00:18:20]}
{[%emt 00:04:02]} Re6 {[%clk 00:19:53]} {[%emt 00:03:36]} 55. Rd6 {[%clk
00:15:43]} {[%emt 00:03:07]} Re7 {[%clk 00:17:06]} {[%emt 00:03:16]} 56. Ra6
{[%clk 00:14:43]} {[%emt 00:01:30]} Re8 {[%clk 00:11:30]} {[%emt 00:06:07]} 57.
Kd4 {[%clk 00:13:18]} {[%emt 00:01:54]} Kf7 {[%clk 00:11:15]} {[%emt 00:00:45]}
58. Ra1 {[%clk 00:07:49]} {[%emt 00:05:59]} Rh8 {[%clk 00:08:41]} {[%emt
00:03:05]} 59. Rf1 {[%clk 00:07:11]} {[%emt 00:01:08]} Ke6 {[%clk 00:08:32]}
{[%emt 00:00:38]} 60. Ke3 {[%clk 00:07:20]} {[%emt 00:00:22]} Rh3+ {[%clk
00:08:36]} {[%emt 00:00:26]} 61. Rf3 {[%clk 00:07:19]} {[%emt 00:00:31]} Rh1
{[%clk 00:08:40]} {[%emt 00:00:25]} 62. d4 {[%clk 00:07:15]} {[%emt 00:00:34]}
Rh5 {[%clk 00:07:03]} {[%emt 00:02:07]} 63. Kd3 {[%clk 00:06:59]} {[%emt
00:00:47]} Rh1 {[%clk 00:05:51]} {[%emt 00:01:41]} 64. d5+ {[%clk 00:06:57]}
{[%emt 00:00:32]} Ke7 {[%clk 00:06:15]} {[%emt 00:00:06]} 65. Kd4 {[%clk
00:07:08]} {[%emt 00:00:18]} Rh4 {[%clk 00:05:46]} {[%emt 00:00:59]} 66. Rf2
{[%clk 00:06:17]} {[%emt 00:01:21]} Rg4 {[%clk 00:05:57]} {[%emt 00:00:20]} 67.
Rf3 {[%clk 00:06:11]} {[%emt 00:00:35]} Rh4 {[%clk 00:06:21]} {[%emt 00:00:06]}
68. Kd3 {[%clk 00:06:39]} {[%emt 00:00:02]} Rh1 {[%clk 00:06:22]} {[%emt
00:00:29]} 69. Rg3 {[%clk 00:06:13]} {[%emt 00:00:56]} Kd6 {[%clk 00:05:48]}
{[%emt 00:01:05]} 70. Rg8 {[%clk 00:06:12]} {[%emt 00:00:31]} Rf1 {[%clk
00:00:46]} {[%emt 00:05:32]} 71. Kd4 {[%clk 00:03:10]} {[%emt 00:03:31]} Rd1+
{[%clk 00:01:09]} {[%emt 00:00:08]} 72. Ke3 {[%clk 00:03:36]} {[%emt 00:00:04]}
Re1+ {[%clk 00:01:13]} {[%emt 00:00:26]} 73. Kf3 {[%clk 00:03:34]} {[%emt
00:00:31]} Rf1+ {[%clk 00:00:57]} {[%emt 00:00:47]} 74. Ke2 {[%clk 00:03:58]}
{[%emt 00:00:05]} Rf4 {[%clk 00:00:54]} {[%emt 00:00:33]} 75. Ke3 {[%clk
00:03:54]} {[%emt 00:00:34]} Rf1 {[%clk 00:01:20]} {[%emt 00:00:04]} 76. Re8
{[%clk 00:04:18]} {[%emt 00:00:05]} Re1+ {[%clk 00:00:32]} {[%emt 00:01:19]} 77.
Kf2 {[%clk 00:04:40]} {[%emt 00:00:08]} Ra1 {[%clk 00:00:40]} {[%emt 00:00:22]}
78. Re6+ {[%clk 00:05:06]} {[%emt 00:00:04]} Kc5 {[%clk 00:01:06]} {[%emt
00:00:04]} 79. Rxf6 {[%clk 00:05:27]} {[%emt 00:00:09]} Kd4 {[%clk 00:01:34]}
{[%emt 00:00:02]} 80. Re6 {[%clk 00:05:47]} {[%emt 00:00:10]} Ra3 {[%clk
00:00:34]} {[%emt 00:01:30]} 81. d6 {[%clk 00:06:00]} {[%emt 00:00:17]} Kc5
{[%clk 00:01:02]} {[%emt 00:00:03]} 82. e5 {[%clk 00:06:24]} {[%emt 00:00:06]}
Kd5 {[%clk 00:00:54]} {[%emt 00:00:37]} 83. Re7 {[%clk 00:06:46]} {[%emt
00:00:07]} Ke4 {[%clk 00:01:01]} {[%emt 00:00:25]} 84. d7 {[%clk 00:07:10]}
{[%emt 00:00:05]} Rd3 {[%clk 00:01:22]} {[%emt 00:00:09]} 85. e6 {[%emt
00:01:43]} Kd5 {[%emt 00:00:01]} 1-0

[Event "Championnat de Belgique \"Experts\" 2018"]
[Site "Roux, Belgium"]
[Date "2018.08.04"]
[Round "9.4"]
[White "Sadkowski, Daniel"]
[Black "Dgebuadze, Alexandre"]
[Result "0-1"]
[WhiteTitle "FM"]
[BlackTitle "GM"]
[WhiteElo "2235"]
[BlackElo "2519"]

1. Nf3 {[%clk 01:30:56]} {[%emt 00:00:03]} Nf6 {[%clk 01:27:55]} {[%emt
00:03:06]} 2. c4 {[%clk 01:31:01]} {[%emt 00:00:25]} e6 {[%clk 01:28:12]}
{[%emt 00:00:13]} 3. g3 {[%clk 01:30:05]} {[%emt 00:01:25]} a6 {[%clk
01:24:56]} {[%emt 00:03:46]} 4. Bg2 {[%clk 01:23:00]} {[%emt 00:07:34]} b5
{[%clk 01:25:12]} {[%emt 00:00:15]} 5. b3 {[%clk 01:22:33]} {[%emt 00:00:56]}
c5 {[%clk 01:25:13]} {[%emt 00:00:29]} 6. O-O {[%clk 01:22:18]} {[%emt
00:00:45]} Bb7 {[%clk 01:23:34]} {[%emt 00:02:09]} 7. Bb2 {[%clk 01:21:59]}
{[%emt 00:00:49]} Be7 {[%clk 01:23:58]} {[%emt 00:00:07]} 8. e3 {[%clk
01:18:35]} {[%emt 00:03:53]} O-O {[%clk 01:18:38]} {[%emt 00:05:49]} 9. Qe2
{[%clk 01:13:08]} {[%emt 00:05:58]} d5 {[%clk 01:09:41]} {[%emt 00:09:27]} 10.
d3 {[%clk 00:56:04]} {[%emt 00:17:33]} Nc6 {[%clk 01:02:53]} {[%emt 00:07:18]}
11. Nbd2 {[%clk 00:56:25]} {[%emt 00:00:08]} Rc8 {[%clk 01:00:18]} {[%emt
00:03:04]} 12. Rfd1 {[%clk 00:48:26]} {[%emt 00:08:29]} Qb6 {[%clk 00:59:17]}
{[%emt 00:01:32]} 13. Rab1 {[%clk 00:43:41]} {[%emt 00:05:14]} Rfd8 {[%clk
00:57:13]} {[%emt 00:02:34]} 14. a3 {[%clk 00:37:51]} {[%emt 00:06:20]} Qa7
{[%clk 00:53:26]} {[%emt 00:04:17]} 15. Ne5 {[%clk 00:29:07]} {[%emt 00:09:12]}
Nxe5 {[%clk 00:49:55]} {[%emt 00:04:01]} 16. Bxe5 {[%clk 00:29:32]} {[%emt
00:00:05]} Nd7 {[%clk 00:46:01]} {[%emt 00:04:25]} 17. Ba1 {[%clk 00:29:32]}
{[%emt 00:00:29]} Bf6 {[%clk 00:45:17]} {[%emt 00:01:14]} 18. Bxf6 {[%clk
00:28:26]} {[%emt 00:01:36]} Nxf6 {[%clk 00:45:11]} {[%emt 00:00:36]} 19. e4
{[%clk 00:22:09]} {[%emt 00:06:46]} dxe4 {[%clk 00:41:27]} {[%emt 00:04:14]} 20.
Nxe4 {[%clk 00:22:28]} {[%emt 00:00:11]} Nxe4 {[%clk 00:34:38]} {[%emt
00:07:19]} 21. dxe4 {[%clk 00:21:54]} {[%emt 00:01:04]} Bc6 {[%clk 00:29:28]}
{[%emt 00:05:41]} 22. e5 {[%clk 00:12:01]} {[%emt 00:10:23]} Bxg2 {[%clk
00:26:53]} {[%emt 00:03:05]} 23. Kxg2 {[%clk 00:12:28]} {[%emt 00:00:03]} Qb8
{[%clk 00:24:03]} {[%emt 00:03:19]} 24. Qe4 {[%clk 00:07:09]} {[%emt 00:05:49]}
h6 {[%clk 00:23:24]} {[%emt 00:01:10]} 25. h4 {[%clk 00:04:22]} {[%emt
00:03:17]} Qb6 {[%clk 00:21:37]} {[%emt 00:02:16]} 26. Qe3 {[%clk 00:03:34]}
{[%emt 00:01:17]} Rd4 {[%clk 00:21:14]} {[%emt 00:00:52]} 27. Rxd4 {[%clk
00:02:58]} {[%emt 00:01:07]} cxd4 {[%clk 00:21:37]} {[%emt 00:00:07]} 28. Qe4
{[%clk 00:03:27]} {[%emt 00:00:01]} bxc4 {[%clk 00:21:09]} {[%emt 00:00:59]} 29.
bxc4 {[%clk 00:03:49]} {[%emt 00:00:09]} Qc5 {[%clk 00:21:28]} {[%emt
00:00:10]} 30. Rb4 {[%clk 00:02:26]} {[%emt 00:01:53]} Rd8 {[%clk 00:20:37]}
{[%emt 00:01:21]} 31. Rb3 {[%clk 00:02:24]} {[%emt 00:00:32]} Qxc4 {[%clk
00:20:45]} {[%emt 00:00:22]} 32. Rd3 {[%clk 00:02:48]} {[%emt 00:00:05]} Qc5
{[%clk 00:18:55]} {[%emt 00:02:19]} 33. f4 {[%clk 00:02:58]} {[%emt 00:00:20]}
h5 {[%clk 00:17:48]} {[%emt 00:01:38]} 34. Kf3 {[%clk 00:02:51]} {[%emt
00:00:37]} Qc1 {[%clk 00:17:57]} {[%emt 00:00:19]} 35. Qe2 {[%clk 00:02:29]}
{[%emt 00:00:54]} g6 {[%clk 00:15:28]} {[%emt 00:03:00]} 36. Qd1 {[%clk
00:02:30]} {[%emt 00:00:29]} Qc6+ {[%clk 00:14:53]} {[%emt 00:01:04]} 37. Kf2
{[%clk 00:02:56]} {[%emt 00:00:05]} Qc5 {[%clk 00:13:43]} {[%emt 00:01:40]} 38.
Kg2 {[%clk 00:02:34]} {[%emt 00:00:52]} a5 {[%clk 00:13:58]} {[%emt 00:00:16]}
39. Kh3 {[%clk 00:02:44]} {[%emt 00:00:20]} Qd5 {[%clk 00:14:04]} {[%emt
00:00:24]} 40. g4 {[%clk 00:01:22]} {[%emt 00:01:52]} hxg4 {[%clk 00:13:28]}
{[%emt 00:01:07]} 41. Kxg4 {[%clk 00:00:58]} {[%emt 00:00:54]} Qg2+ {[%clk
00:10:56]} {[%emt 00:02:57]} 42. Rg3 {[%clk 00:00:35]} {[%emt 00:00:57]} Qe4
{[%clk 00:11:13]} {[%emt 00:00:12]} 43. Rd3 {[%clk 00:29:45]} {[%emt 00:01:21]}
Rc8 {[%clk 00:40:15]} {[%emt 00:01:27]} 44. Qf3 {[%clk 00:24:18]} {[%emt
00:05:58]} Qf5+ {[%clk 00:40:37]} {[%emt 00:00:07]} 45. Kg3 {[%clk 00:24:43]}
{[%emt 00:00:06]} Qxd3 {[%clk 00:40:19]} {[%emt 00:00:49]} 0-1

[Event "Championnat de Belgique \"Experts\" 2018"]
[Site "Roux, Belgium"]
[Date "2018.08.04"]
[Round "9.5"]
[White "Hautot, Stéphane"]
[Black "Fontaine, Quentin"]
[Result "1/2-1/2"]
[WhiteTitle "IM"]
[BlackTitle "FM"]
[WhiteElo "2338"]
[BlackElo "2313"]

1. Nf3 {[%clk 01:18:32]} {[%emt 00:12:28]} d5 {[%clk 01:30:45]} {[%emt
00:00:15]} 2. g3 {[%clk 01:18:55]} {[%emt 00:00:07]} Nf6 {[%clk 01:31:09]}
{[%emt 00:00:06]} 3. Bg2 {[%clk 01:19:09]} {[%emt 00:00:17]} e6 {[%clk
01:31:34]} {[%emt 00:00:05]} 4. O-O {[%clk 01:19:19]} {[%emt 00:00:20]} Be7
{[%clk 01:32:00]} {[%emt 00:00:04]} 5. d4 {[%clk 01:17:46]} {[%emt 00:02:03]}
O-O {[%clk 01:32:23]} {[%emt 00:00:07]} 6. b3 {[%clk 01:17:38]} {[%emt
00:00:39]} b6 {[%clk 01:32:37]} {[%emt 00:00:15]} 7. Bb2 {[%clk 01:17:19]}
{[%emt 00:00:49]} Bb7 {[%clk 01:33:02]} {[%emt 00:00:05]} 8. Nbd2 {[%clk
01:14:41]} {[%emt 00:03:08]} Nbd7 {[%clk 01:33:28]} {[%emt 00:00:04]} 9. c4
{[%clk 01:14:28]} {[%emt 00:00:43]} dxc4 {[%clk 01:32:23]} {[%emt 00:01:35]} 10.
Nxc4 {[%clk 01:08:33]} {[%emt 00:06:25]} c5 {[%clk 01:32:47]} {[%emt 00:00:06]}
11. Rc1 {[%clk 01:08:23]} {[%emt 00:00:40]} Rc8 {[%clk 01:32:41]} {[%emt
00:00:35]} 12. e3 {[%clk 01:03:59]} {[%emt 00:04:54]} cxd4 {[%clk 01:30:26]}
{[%emt 00:02:45]} 13. Nxd4 {[%clk 00:59:32]} {[%emt 00:04:57]} Bxg2 {[%clk
01:30:41]} {[%emt 00:00:14]} 14. Kxg2 {[%clk 01:00:00]} {[%emt 00:00:02]} a6
{[%clk 01:18:44]} {[%emt 00:12:27]} 15. a4 {[%clk 00:50:27]} {[%emt 00:10:03]}
Nc5 {[%clk 01:06:01]} {[%emt 00:13:13]} 16. Qe2 {[%clk 00:37:16]} {[%emt
00:13:42]} Qd5+ {[%clk 00:51:26]} {[%emt 00:15:04]} 17. f3 {[%clk 00:36:27]}
{[%emt 00:01:19]} Qb7 {[%clk 00:50:59]} {[%emt 00:00:57]} 18. e4 {[%clk
00:27:46]} {[%emt 00:09:12]} Ncd7 {[%clk 00:44:11]} {[%emt 00:07:18]} 19. Rfd1
{[%clk 00:21:00]} {[%emt 00:07:16]} Rfd8 {[%emt 00:07:50]} 1/2-1/2

[Event "Championnat de Belgique \"Experts\" 2018"]
[Site "Roux, Belgium"]
[Date "2018.08.04"]
[Round "9.3"]
[White "Malakhatko, Vadim"]
[Black "Ringoir, Tanguy"]
[Result "1/2-1/2"]
[WhiteTitle "GM"]
[BlackTitle "GM"]
[WhiteElo "2499"]
[BlackElo "2530"]

1. d4 {[%clk 01:30:06]} {[%emt 00:00:52]} f5 {[%clk 01:30:55]} {[%emt
00:00:06]} 2. Nc3 {[%clk 01:30:28]} {[%emt 00:00:08]} Nf6 {[%clk 01:31:19]}
{[%emt 00:00:06]} 3. Bg5 {[%clk 01:30:51]} {[%emt 00:00:07]} d5 {[%clk
01:31:32]} {[%emt 00:00:18]} 4. Bxf6 {[%clk 01:31:13]} {[%emt 00:00:08]} exf6
{[%clk 01:31:57]} {[%emt 00:00:05]} 5. e3 {[%clk 01:31:36]} {[%emt 00:00:07]}
Be6 {[%clk 01:32:14]} {[%emt 00:00:13]} 6. Qf3 {[%clk 01:30:25]} {[%emt
00:01:40]} Qd7 {[%clk 01:31:13]} {[%emt 00:01:32]} 7. Bb5 {[%clk 01:29:25]}
{[%emt 00:01:30]} Nc6 {[%clk 01:31:33]} {[%emt 00:00:10]} 8. Nge2 {[%clk
01:29:39]} {[%emt 00:00:16]} a6 {[%clk 01:30:39]} {[%emt 00:01:25]} 9. Ba4
{[%clk 01:29:03]} {[%emt 00:01:05]} g5 {[%clk 01:31:01]} {[%emt 00:00:07]} 10.
O-O {[%clk 01:14:03]} {[%emt 00:15:30]} O-O-O {[%clk 01:30:43]} {[%emt
00:00:49]} 11. Nc1 {[%clk 01:14:07]} {[%emt 00:00:26]} h5 {[%clk 01:31:08]}
{[%emt 00:00:06]} 12. Nd3 {[%clk 01:14:24]} {[%emt 00:00:13]} h4 {[%clk
01:31:32]} {[%emt 00:00:06]} 13. Nc5 {[%clk 01:12:51]} {[%emt 00:02:03]} Bxc5
{[%clk 01:30:24]} {[%emt 00:01:39]} 14. dxc5 {[%clk 01:10:56]} {[%emt
00:02:25]} Kb8 {[%clk 01:21:30]} {[%emt 00:09:24]} 15. Ne2 {[%clk 00:51:42]}
{[%emt 00:19:43]} Bf7 {[%clk 01:13:12]} {[%emt 00:08:48]} 16. Bxc6 {[%clk
00:51:56]} {[%emt 00:00:16]} Qxc6 {[%clk 01:13:31]} {[%emt 00:00:11]} 17. Qxf5
{[%clk 00:51:15]} {[%emt 00:01:11]} h3 {[%clk 01:13:56]} {[%emt 00:00:05]} 18.
Nd4 {[%clk 00:49:59]} {[%emt 00:01:46]} Qxc5 {[%clk 01:14:13]} {[%emt
00:00:14]} 19. Qxf6 {[%clk 00:49:11]} {[%emt 00:01:18]} hxg2 {[%clk 01:14:38]}
{[%emt 00:00:05]} 20. Rfd1 {[%clk 00:47:31]} {[%emt 00:02:09]} Qf8 {[%emt
00:12:53]} 21. Qf3 {[%emt 00:00:03]} 1/2-1/2